| 000 | 00500nam a2200181Ia 4500 | ||
|---|---|---|---|
| 003 | GCL | ||
| 008 | 140319s9999 xx 000 0 eng d | ||
| 040 |
_aGCL / _cGCL |
||
| 082 | 0 | 4 |
_a621.384151 _bY C |
| 100 | 1 | _aYADER, ANDREW | |
| 245 | 1 | 0 |
_aCOMPLETE SHORTWAVE: LISTENER'S HANDBOOK / _cYADER, ANDREW |
| 260 |
_a[S.N] : _bMC GRAW - HILL ، _c1997 |
||
| 300 | _a409 P | ||
| 650 | 0 | 4 | _aالمجموعات النادرة |
| 650 | 0 | 4 | _aAMATEURS MANUALS |
| 650 | 0 | 4 | _aSHORTWAVE RADIO |
| 942 |
_2ddc _cBK |
||
| 999 |
_c15921 _d15921 |
||